MARC details
| 000 -LEADER |
| fixed length control field |
02664nam a22003017a 4500 |
| 003 - CONTROL NUMBER IDENTIFIER |
| control field |
CSPC |
| 005 - DATE AND TIME OF LATEST TRANSACTION |
| control field |
20251030152101.0 |
| 007 - PHYSICAL DESCRIPTION FIXED FIELD--GENERAL INFORMATION |
| fixed length control field |
ta |
| 008 - FIXED-LENGTH DATA ELEMENTS--GENERAL INFORMATION |
| fixed length control field |
231113s2022 ph a mabs 000 0 eng |
| 040 ## - CATALOGING SOURCE |
| Transcribing agency |
CSPC |
| 090 ## - LOCALLY ASSIGNED LC-TYPE CALL NUMBER (OCLC); LOCAL CALL NUMBER (RLIN) |
| Classification number (OCLC) (R) ; Classification number, CALL (RLIN) (NR) |
UTH BSOA N669e |
| 100 1# - MAIN ENTRY--PERSONAL NAME |
| Personal name |
Nobleza, Johnlee V., |
| Relator term |
author. |
| 245 14 - TITLE STATEMENT |
| Title |
The effects of financial stress on the academic performance of second year BSOA students at Camarines Sur Polytechnic Colleges- Buhi Campus / |
| Statement of responsibility, etc. |
JohnLee V. Nobleza and Maria Giselle C. Rabacal. |
| 260 ## - PUBLICATION, DISTRIBUTION, ETC. |
| Place of publication, distribution, etc. |
Buhi, Camarines Sur: |
| Name of publisher, distributor, etc. |
Camarines Sur Polytechnic Colleges, |
| Date of publication, distribution, etc. |
2022. |
| 300 ## - PHYSICAL DESCRIPTION |
| Extent |
91 leaves. |
| 336 ## - CONTENT TYPE |
| Source |
rdacontent |
| Content type term |
text |
| 337 ## - MEDIA TYPE |
| Source |
rdamedia |
| Media type term |
unmediated |
| 338 ## - CARRIER TYPE |
| Source |
rdacarrier |
| Carrier type term |
volume |
| 502 ## - DISSERTATION NOTE |
| Dissertation note |
Undergraduate Thesis (BSOA)-Office Administration |
| Name of granting institution |
Camarines Sur Polytechnic Colleges, 2022. |
| 520 ## - SUMMARY, ETC. |
| Summary, etc. |
This study aims to determine the effects of financial stress on the academic performance of second year BSOA students at Camarines Sur Polytechnic Colleges-Buhi Campus. It seeks to answer the following questions (1.) To determine the demographic profile of the respondents in terms of (a.) gender (b.) age (c.) status (d.) occupation of the parents (e.) monthly income (f.) monthly expenses; (2.) The financial stress experienced by the respondent (3.) The academic performance of the respondent (4.) Proposed recommendations to lessen the financial stress on the academic performance of second year students at Camarines Sur Polytechnic Colleges-Buhi Campus. The methodology used was descriptive research method. <br/>The conclusion drawn from the study are; (1.) The majority of the respondents are female, young adults aged 19-20 years old, single, occupation of the parents are unemployed, monthly income is less than 5,000 and the monthly expenses belong to the 5,000-10,000. (2.) The effects of financial stress on the academic performance of the second year BSOA students at Camarines Sur Polytechnic Colleges-Buhi Campus financial stress experienced by the respondents was that they can clearly understand what it is like to be depressed or ashamed because of their financial situation. (3.) The academic performance of the respondents got a general weighted average pf (1.4-1.75). (4.) The researchers proposed a recommendation they majority agree to have been practical when they spend money. |
| 700 1# - ADDED ENTRY--PERSONAL NAME |
| Personal name |
Rabacal, Maria Giselle C., |
| Relator term |
author. |
| 720 1# - ADDED ENTRY--UNCONTROLLED NAME |
| Name |
Sagala, Marimin N., |
| Relator term |
adviser. |
| 720 1# - ADDED ENTRY--UNCONTROLLED NAME |
| Name |
Infante, Leonisa O., |
| Relator term |
panelist, chair. |
| 720 1# - ADDED ENTRY--UNCONTROLLED NAME |
| Name |
Barreto, Myla I., |
| Relator term |
panelist. |
| 720 1# - ADDED ENTRY--UNCONTROLLED NAME |
| Name |
Secundo, Rey O., |
| Relator term |
panelist. |
| 942 ## - ADDED ENTRY ELEMENTS (KOHA) |
| Source of classification or shelving scheme |
Dewey Decimal Classification |
| Suppress in OPAC |
No |
| Koha item type |
Unpublished Materials |
| Call number prefix |
UTH |
| Call number suffix |
2022 |
| Classification part |
N669e |